| 000 | 00376nam a2200133Ia 4500 | ||
|---|---|---|---|
| 008 | 210430s9999 xx 000 0 und d | ||
| 020 | _a978-1-4051-3997-7 | ||
| 082 | _a541 J511 C | ||
| 100 |
_aH.Donald Brooke Jenkins _954238 |
||
| 245 |
_aChemical Thermodynamics at a Glance _cH.Donald Brooke Jenkins |
||
| 260 |
_aUK _bBlackwell _c2008 |
||
| 300 | _a195p | ||
| 942 |
_cBK _2ddc |
||
| 999 |
_c564726 _d564726 |
||